01228nam a2200241Ia 450000100060000000300090000600800410001504000130005604000130006904100130008210000170009510000290011224500350014124500350017625000110021126000140022226000100023626000490024630000550029550005620035065000430091265000310095586633IT-RoPAU130308s9999 xx 000 0 und d aIT-RoPAU cIT-RoPAU aSPAGNOLO aBerrio Jordi gCodice Aut. SPICS: 30865 aTeoria social de la persuasion bTeoria Social de la Persuasion a1a ed. aBARCELONA bMitre c1983 [1° Ed.:1983 - Ed.Ling.Originale:1983] a"296 p. (prefazione: 8; testo: 288 [pagine: 0-0])" aTeoria Sociale della Persuasione Visione Storica fenomeno Sociale della Persuasione interesse per la Retorica Visione Attuale Discorsi e Loro Finalità Sociali Persuadere convincere Manipolare contributi della Filosofia e della Linguistica Contemporanea Filosofia del Linguaggio Linguaggio e pensiero contributi della Filosofia Analitica Wittgenstein e la Filosofia del Linguaggio Ordinario Meccanismi della Produzione del Discorso Aspetti Generali dell'argomentazione Argomentazione nelle Società Contemporanee Audiovisivi e Argomentazione Bibliografia aPSICOLOGIA DELLA COMUNICAZIONE SOCIALE eCodice materia Spics: 3805